Introduction to numerical analysis / (Record no. 8571)

MARC details
000 -LEADER
fixed length control field 01043cam a2200289 a 4500
001 - CONTROL NUMBER
control field 3839410
003 - CONTROL NUMBER IDENTIFIER
control field OSt
005 - DATE AND TIME OF LATEST TRANSACTION
control field 20240617155556.0
008 - FIXED-LENGTH DATA ELEMENTS--GENERAL INFORMATION
fixed length control field 870220r19871956nyu b 001 0 eng
010 ## - LIBRARY OF CONGRESS CONTROL NUMBER
LC control number 87005370
020 ## - INTERNATIONAL STANDARD BOOK NUMBER
International Standard Book Number 0486653633 (pbk.)
040 ## - CATALOGING SOURCE
Original cataloging agency MUST LIB
Transcribing agency MUST
Modifying agency MUST
050 00 - LIBRARY OF CONGRESS CALL NUMBER
Classification number QA297
Item number .H54 1987
082 00 - DEWEY DECIMAL CLASSIFICATION NUMBER
Classification number 515
Edition number 19
100 1# - MAIN ENTRY--PERSONAL NAME
Personal name Hildebrand, Francis Begnaud.
9 (RLIN) 17383
245 10 - TITLE STATEMENT
Title Introduction to numerical analysis /
Statement of responsibility, etc. F.B. Hildebrand.
250 ## - EDITION STATEMENT
Edition statement 2nd ed.
260 ## - PUBLICATION, DISTRIBUTION, ETC. (IMPRINT)
Place of publication, distribution, etc. New York :
Name of publisher, distributor, etc. Dover Publications,
Date of publication, distribution, etc. 1987, c1974.
300 ## - PHYSICAL DESCRIPTION
Extent xiii, 669 p. ;
Dimensions 22 cm.
500 ## - GENERAL NOTE
General note "Unabridged, slightly corrected republication of the second edition (1974) of the work first published by McGraw-Hill, Inc., in 1956"--T.p. verso.
500 ## - GENERAL NOTE
General note Includes index.
504 ## - BIBLIOGRAPHY, ETC. NOTE
Bibliography, etc Bibliography: p. [645]-658.
650 #0 - SUBJECT ADDED ENTRY--TOPICAL TERM
Topical term or geographic name as entry element Numerical analysis.
9 (RLIN) 3742
856 42 - ELECTRONIC LOCATION AND ACCESS
Materials specified Publisher description
Uniform Resource Identifier http://www.loc.gov/catdir/description/dover032/87005370.html
906 ## - LOCAL DATA ELEMENT F, LDF (RLIN)
a 7
b cbc
c orignew
d 1
e ocip
f 19
g y-gencatlg
942 ## - ADDED ENTRY ELEMENTS (KOHA)
Source of classification or shelving scheme Dewey Decimal Classification
Koha item type Open Shelf
Holdings
Withdrawn status Lost status Source of classification or shelving scheme Damaged status Not for loan Home library Current library Date acquired Source of acquisition Inventory number Total Checkouts Full call number Barcode Date last seen Price effective from Koha item type
    Dewey Decimal Classification     MUST Main Library MUST Main Library 17/06/2024 Purchase 06/28232   515 2024-20700 17/06/2024 17/06/2024 Open Shelf
    Dewey Decimal Classification     MUST Main Library MUST Main Library 11/12/2024 Purchase 08/29749   515 2024-22604 11/12/2024 11/12/2024 Book Bank